| 000 | 01979njm a2200313 a 4500 | ||
|---|---|---|---|
| 003 | BLK | ||
| 005 | 20250325154823.0 | ||
| 007 | sd bsmennmp|nu | ||
| 008 | 240820b opnngs|||||||| | che d | ||
| 028 | _a885143 | ||
| 040 | _aBLK | ||
| 041 | 0 |
_aDEU _cDEU |
|
| 080 |
_aИнструментална муз. Откъси, теми, илюстрации _b785.081 _x(086.72) _z785.081(086.72) |
||
| 080 |
_aСимфонии _b785.082.1 _x(086.72) _z785.082.1(086.72) |
||
| 100 |
_9387669 _aDessau, Paul |
||
| 245 |
_aAppell der Arbeiterklasse _aSinfonie Nr.2 (1934, bearbeitet 1962) _cPaul Dessau ; Rundfunkchor Leipzig et al. |
||
| 260 |
_9215027 _aBerlin _bDeutsche Schallplatten _c1978 |
||
| 300 |
_a1 грамофонна плоча _b33 об/мин, стерео _c30 см |
||
| 380 | _a7 | ||
| 490 |
_9494230 _aNOVA |
||
| 500 | _a(01) Appell der Arbeiterklasse für Alt- und Tenorsolo, Sprecher, gemischten Chor, Kinderchor und Orchester Texte: Ausschniite aus dem "Appell an alle Völker der Welt", Moskau, November 1960, und dem Programmentwurf der KPdSU; Johannes R. Becher, Bertolt Brecht, Ilja Ehrenburg, Georg Maurer, Günter Kunert, Wera Küchenmeister ---- (02) Sinfonie Nr.2 (1934, bearbeitet 1962) (02a) Andante - Allegro moderato (02b) Andante (02c) Tanz (Bulgarischer Rhythmus). Hommage a Bartok (02d) A la marcia, moderato | ||
| 511 | _aRundfunkchor Leipzig Einstudierung: Horst Neumann Kinderchor der Dresdner Philharmonie Einstudierung: Wolfgang Berger Rundfunk-Sinfonie-Orchester Leipzig Dirigent: Herbert Kegel Annelies Burmeister, Alt Eberhard Büchner, Tenor Kurt Goldstein, Christine Gloger, Wolfgang Holz, Sprecher ---- Rundfunk-Sinfonie-Orchester Berlin Dirigent: Rolf Kleinert | ||
| 518 | _aAufnahme des Rundfunks der DDR Mitschnitt aus der Kongreßhalle Leipzig vom 29.4.1977 | ||
| 650 | 7 |
_9170960 _aСимфонии |
|
| 852 |
_aФ ІІ 4534 _bО |
||
| 856 |
_i0.00 _ldisable |
||
| 942 |
_cGPL _n0 |
||
| 944 |
_cКети Илиева _k30550 _a30550 _lКети Илиева |
||
| 999 |
_c530015 _d530015 |
||